000 00680nam a2200289Ia 4500
005 20260324121419.0
008 008 260324s9999 xx 000 0 eng d
020 _a9781315553559
037 _aEBOOK
040 _aCRL
040 _beng
040 _cCRL
041 _2eng
041 _aeng
084 _qCRL
100 _aChloƫ Houston
_91162424
245 4 _aThe Renaissance Utopia
245 0 _bDialogue, Travel and the Ideal Society
260 _bTaylor and Francis
260 _c2014
365 _a
365 _b230
856 _uhttp://www.taylorfrancis.com/books/9781315553559
942 _cEBOOK
999 _c1754505
_d1754505